| 000 | 00793cam a2200241 4500 | ||
|---|---|---|---|
| 001 | ABS62069 | ||
| 008 | 000000n2000 000 0 eng u | ||
| 035 | _a(Sirsi) u105183 | ||
| 100 | _aHobbs, D. | ||
| 245 | _aBarrier to efficiency | ||
| 260 | _c2000 | ||
| 490 |
_aPremises and Facilities Management _vMarch 2000, 23-24(2) |
||
| 520 | _aExplains how the landlord-tenant relationship is an obstacle to achieving energy efficiency and argues that tenants must demand energy efficient property. | ||
| 590 | _aABS | ||
| 650 | _aLANDLORDS | ||
| 650 | _aTENANTS | ||
| 650 | _aCLIMATE CHANGE LEVY | ||
| 650 | _aFUEL CONSUMPTION | ||
| 650 | _aENERGY CONSUMPTION | ||
| 650 | _aOFFICES | ||
| 690 | _aENVIRONMENTAL AND LAND CONSULTANCY-ENERGY-ENERGY USE-ENERGY EFFICIENCY | ||
| 942 | _n0 | ||
| 999 |
_c63079 _d63079 |
||